Tập cho học sinh giỏi toán làm quen dần với nghiên cứu toán học

Bewaard in:
Bibliografische gegevens
Hoofdauteur: Nguyễn Cảnh Toàn
Formaat: Boek
Gepubliceerd in: H. Đại học Quốc gia Hà Nội 2003
Onderwerpen:
Tags: Voeg label toe
Geen labels, Wees de eerste die dit record labelt!
Thư viện lưu trữ: Trung tâm Học liệu Lê Vũ Hùng, Trường Đại học Đồng Tháp
LEADER 00855pam a22002658a 4500
001 00016955
005 20171026081022.0
008 110415s2003 ||||||Viesd
020 |c 20000 
041 0 # |a Vie 
082 1 4 |a 513  |b T123CH 
100 0 # |a Nguyễn Cảnh Toàn 
245 0 0 |a Tập cho học sinh giỏi toán làm quen dần với nghiên cứu toán học  |c Nguyễn Cảnh Toàn 
260 # # |a H.  |b Đại học Quốc gia Hà Nội  |c 2003 
300 # # |a 247 tr.  |c 21 cm. 
653 # # |a Học sinh 
653 # # |a Trung tuyến 
653 # # |a Toán 
653 # # |a Nghiên cứu 
653 # # |a Sách giáo viên 
653 # # |a Số phức 
852 # # |b Kho đọc  |j KD.0002324 
852 # # |j KD.0002324 
910 |d 15/04/2011 
980 # # |a Trung tâm Học liệu Lê Vũ Hùng, Trường Đại học Đồng Tháp